000 00642nam a2200145Ia 4500
008 171212s9999 xx 000 0 und d
020 _a9781921313400
100 _aCraik, Jennifer
245 _cCraik, Jennifer
_aRe-Visioning Arts and Cultural Policy
_bCurrent Impasses and Future Directions
260 _bANU E Press
_c2007
440 _aAustralia and New Zealand School of Government (ANZSOG)
650 _aArts -- Australia -- Management; Art patronage -- Australia; Government aid to the arts; Art and state -- Australia; Australia -- Cultural policy
650 _aPolitical Science
856 _uwww.jstor.org/stable/10.2307/j.ctt24hdgg
999 _c351296
_d351296